000 01027nam a2200217Ia 4500
003 Ost
005 20260416102351.0
008 260416s9999||||xx |||||||||||||| ||und||
040 _cfsecg
041 _aara
082 _a657.45
100 _aبلخيثر، سميرة
_eمؤلف
245 0 _aالمراجعة المالية /
_c سميرة بلخيثر
260 _aالجزائر
_bجامعة الجزائر3: كلية العلوم الإقتصادية، العلوم التجارية وعلوم التسيير
_c2017
300 _a54 ورقة
_bايضاحات
_c30 سم
504 _aمراجع ص.61؛ ملاحق ص.56
520 _aماهية المراجعة والمراجعة المالية، تقنيات المراجعة المالية، منهجية المراجعة المالية
653 _aمراجعة الحسابات
710 _aجامعة الجزائر3: كلية العلوم الإقتصادية، العلوم التجارية وعلوم التسيير
_eناشر علمي
942 _cHANDOUT
999 _c41024
_d41024